Geography Quiz

Random Geography or City Quiz

Cities and towns of Vermont Quiz Stats

 Plays Quiz not verified by Sporcle

Support Sporcle.
Go Orange.
Score 0/255 Timer 18:00
0 Plays Today
Rank Municipality % Correct
1Burlington
98.8%
3Rutland
94.3%
6Bennington
92.5%
2Essex
92.3%
5South Burlington
92%
13Montpelier
91.8%
7Brattleboro
89.8%
10Barre
88.9%
4Colchester
87.3%
15St. Albans
86.2%
12Middlebury
85.4%
17St. Johnsbury
85.2%
8Hartford
82%
28Waterbury
81.3%
11Springfield
81.1%
34Stowe
80.8%
27Newport
79.7%
19Winooski
78.9%
148Killington
78.6%
9Milton
78.1%
35Manchester
77.2%
18Shelburne
76.6%
65Vergennes
76.5%
36Richmond
74.8%
98Warren
74.8%
42Windsor
74.4%
49Woodstock
73.3%
14Williston
72.9%
30Derby
72.6%
96South Hero
72.4%
181North Hero
72.3%
219Jay
71.9%
20Swanton
71.8%
153Washington
71.2%
48Johnson
71.2%
53Cambridge
71%
26Jericho
70.9%
57Underhill
69.9%
56Chester
69.6%
85Grand Isle
69.5%
22Lyndon
69.4%
21Northfield
69.2%
122Franklin
68.5%
167Orange
68.5%
39Bristol
68.4%
130Lincoln
67.8%
44Charlotte
67.7%
46Norwich
67.7%
24Morristown
67.6%
41Fairfax
67.1%
71East Montpelier
67%
67Putney
66.9%
114Addison
66.8%
29Randolph
66.5%
73Ludlow
66.2%
78Danville
66%
51Hartland
65.7%
58Fair Haven
65.7%
59Berlin
65.4%
217Ira
65.2%
38Brandon
65%
32Castleton
65%
94Middlesex
65%
120Duxbury
65%
25St. Albans Town
64.8%
31Georgia
64%
100New Haven
63.9%
92Fairfield
63.8%
43Poultney
63.7%
16Barre Town
63.3%
47Highgate
63.3%
33Hinesburg
63.2%
77Wilmington
62.9%
23Rockingham
62.4%
137Rochester
62.3%
186Greensboro
62.3%
226Windham
62.1%
104Troy
61.9%
121Plainfield
61.9%
103Burke
61.6%
84Bethel
61.5%
64Barton
61.4%
165Fairlee
61.4%
68Bradford
61.2%
72West Rutland
61.2%
Rank Municipality % Correct
201Weston
61.1%
75Richford
60.9%
87Alburgh
60.9%
37Rutland Town
60.8%
119Danby
60.4%
132Concord
60.4%
160Montgomery
59.9%
212Isle La Motte
59.9%
135Chittenden
59.8%
69Thetford
59.7%
91Huntington
59.7%
131Cabot
59.7%
177Albany
59.7%
74Arlington
59.5%
101Waitsfield
58.8%
151Irasburg
58.8%
111Sharon
58.6%
60Hyde Park
58.5%
210Westfield
58.5%
164Bolton
58.4%
66Ferrisburgh
58.2%
102Moretown
58.2%
70Royalton
58%
144Craftsbury
57.9%
54Hardwick
57.7%
62Enosburgh
57.7%
88Dummerston
57.7%
150Canaan
57.7%
79Vernon
57.6%
112Dover
57.6%
231West Haven
57.6%
251Averill
57.4%
218Pittsfield
56.5%
173Groton
56.3%
105Calais
56.2%
249Buels Gore
56%
83Sheldon
55.9%
81Guilford
55.6%
124Chelsea
55.5%
161Bridgewater
55.4%
45Pownal
55.3%
169Jamaica
55.3%
240Stratton
55.2%
166Glover
55%
202Vershire
55%
55Pittsford
54.8%
163Leicester
54.8%
182Woodbury
54.8%
255Averys Gore
54.8%
211Andover
54.7%
52Westminster
54.6%
246Granby
54.5%
146Shrewsbury
54.4%
200Grafton
54.4%
229East Haven
54.4%
82Dorset
54.3%
134Orwell
54.3%
149Salisbury
54.3%
40Shaftsbury
54.1%
157Coventry
54.1%
50Williamstown
53.8%
86Newbury
53.8%
107Marshfield
53.8%
195Waterville
53.8%
223Whiting
53.8%
76Wallingford
53.7%
208Ripton
53.5%
188Lowell
53.2%
117Tunbridge
53.1%
89Starksboro
53%
199Peacham
53%
206Roxbury
52.9%
244Victory
52.9%
80Westford
52.8%
93Monkton
52.7%
138Eden
52.7%
143Cornwall
52.7%
156Mendon
52.7%
189Sheffield
52.6%
228Granville
52.4%
106Newport Town
52.2%
142Fayston
52.2%
113Pawlet
52.1%
237Mount Tabor
52.1%
235Goshen
52%
Rank Municipality % Correct
139Ryegate
51.8%
154Strafford
51.7%
125Mount Holly
51.5%
162Marlboro
51.3%
209Plymouth
51.2%
220Peru
51.2%
194St. George
50.9%
172Brownington
50.9%
95Londonderry
50.8%
147Waterford
50.8%
110Wolcott
50.7%
254Lewis
50.7%
190West Fairlee
50.6%
123Brighton
50.4%
145Wells
50.4%
155Benson
50.4%
108Cavendish
50.3%
170Worcester
50.3%
225Athens
50.3%
232Guildhall
50.3%
97Barnet
50.2%
141Topsham
50%
127Brookfield
49.9%
126Bridport
49.8%
115Berkshire
49.7%
191Reading
49.7%
90Proctor
49.6%
128Shoreham
49.4%
205Sudbury
49.4%
129Bakersfield
49.1%
152West Windsor
49.1%
118Whitingham
48.7%
136Fletcher
48.7%
61Clarendon
48.3%
179Middletown Springs
48.3%
207Tinmouth
48.2%
243Maidstone
48.2%
221Woodford
48.1%
109Corinth
47.9%
196Panton
47.6%
176Elmore
47%
99Newfane
46.7%
242Lemington
46.3%
180Stamford
46.2%
233Bloomfield
46%
63Weathersfield
45.9%
159Pomfret
45.9%
252Somerset
45.6%
168Barnard
45.5%
213Waltham
45.4%
171Charleston
45.2%
158Sutton
45.1%
203Wheelock
45%
197Stockbridge
44.9%
238Stannard
44.8%
174Wardsboro
44.7%
215Brookline
44.7%
253Warners Grant
44.7%
140Townshend
44.6%
248Glastenbury
44.6%
184Walden
44.5%
227Westmore
44.5%
234Baltimore
44.4%
198Morgan
44.3%
204Holland
44.2%
236Norton
44.2%
183Readsboro
43.8%
250Warren Gore
43.6%
216Kirby
43.5%
185Halifax
42.9%
178Weybridge
42.9%
230Belvidere
42.9%
133Braintree
42.8%
222Hancock
42.8%
193Winhall
42%
224Sandgate
41.2%
187Hubbardton
40.8%
116Lunenburg
40.6%
239Landgrove
40.3%
241Brunswick
40.1%
192Rupert
39.9%
247Ferdinand
38.3%
214Newark
38.2%
245Searsburg
35.8%
175Sunderland
35%

You're not logged in!

Compare scores with friends on all Sporcle quizzes.
OR
Log In

From the Vault

Movie Villain Women

by Pilgab

Don't tell the hammer.
Remove Ads.
Support Sporcle.
Get the best of Sporcle when you Go Orange. This ad-free experience offers more features, more stats, and more fun while also helping to support Sporcle. Thank you for becoming a member.

Show Comments

Extras

Top Quizzes Today


Score Distribution

Your Account Isn't Verified!

In order to create a playlist on Sporcle, you need to verify the email address you used during registration. Go to your Sporcle Settings to finish the process.

Report this User

Report this user for behavior that violates our Community Guidelines.

Details: